00543 2200169 4500001002100000005001500021035002000036007000300056008003900059082000700098084001300105100002800118245015100146260004600297650001500343990001500358INLIS00000000000988820260415090600 a0010-0426000234ta260415 | | |  a12 a12 DAN k0 aDANDI MUHAMMAD RAMADHAN1 aKOMUNIKASI INTERPERSONAL BARISTA SEBAGAI FASILITATOR PEMBELAJARAN INFORMAL KEPADA PELANGGAN DI FORE COFFE PALANGKA RAYA /cDANDI MUHAMMAD RAMADHAN aPALANGKA RAYA :bPERPUSTAKAAN UMPR,c2026 4aKOMUNIKASI a2112024010